000 00684nam a2200217Ia 4500
005 20250508165201.0
008 008 250505s9999 xx 000 0 eng d
020 _a0-8058-5402-9
037 _aTextual
040 _aFEDL
_beng
_cFEDL
041 _aeng
_2eng
084 _a371.829, SIN
_qFEDL
100 _aSingleton Glenn E
_9780083
245 0 _aFacilitator's guide: A field guide for achieving equity in schoos : Courageous converdations abour race
260 _aThousand Oaks, Calfornia
_bCorwin Press
_c2007
300 _ax, 58p.
365 _aUSD
_b19.95
700 _a Linton Curtis
_9780084
942 _cTEXL
_h371.829, SIN
999 _c1393635
_d1393635